| 000 | 01254nam a2200325 a 4500 | ||
|---|---|---|---|
| 999 |
_c435622 _d435622 |
||
| 003 | BLK | ||
| 005 | 20241127172257.0 | ||
| 008 | 200817b bul|||||r ||||||| ||bul|| | ||
| 020 | _a9786191932023 | ||
| 040 | _aBLK | ||
| 041 |
_aBUL _cBUL |
||
| 080 |
_aАмериканска литература (на САЩ) _b821.111(73) _x-312.9 _z821.111(73)-312.9 |
||
| 100 |
_aСандерсън, Брандън _eпърви автор _9347185 |
||
| 139 |
_aСандерсън, Брандън _bС 18 |
||
| 245 | 1 | 0 |
_aРитъмът на войната _cБрандън Сандърсън; прев. от англ. Цветана Генчева |
| 257 | _aUSA | ||
| 260 |
_aСофия _bАртлайн Студиос _c2020 _dСтудио Арт Лайн |
||
| 300 |
_a1312 с. _c21 см |
||
| 380 | _aX | ||
| 490 |
_9466728 _aЛетописите на светлината на бурята |
||
| 500 | _aОриг. загл.: Rhythm of War / Brandon Sandarson | ||
| 700 |
_aГенчева, Цветана Тодорова _9364265 |
||
| 852 |
_bП _c821-31/С 18 Б |
||
| 942 |
_cKNG _n0 _s1 _019 |
||
| 944 |
_aCR _c2021-11-03 _k30531 _lЦветелина Шанова |
||
| 999 | _d435622 | ||
| 999 | _d435534 | ||
| 999 | _d382893 | ||
| 999 | _d382893 | ||